O prevencii kriminality komplexne

Bibliographic Details
Main Author: Šinka, František (Author)
Format: Article
Language:Slovak

MARC

LEADER 00000nab a2200000 a 4500
001 vtls010710937
003 SK-MaSNL
005 20260304192147.0
008 250709s2002 xo |||||||||||||||||slo|
035 |a (urnnbn)urn:nbn:sk:snk:ar-a0464s 
035 |a (uuid)953a9449-58a4-4fa9-8b8f-6501703d6fd4 
035 |a urn:nbn:sk:snk-ab3e7q 
040 |a SNKBUCL  |b slo  |c SNKBUCL  |e AACR2 
041 0 |a slo 
044 |a xo  |c SK 
100 1 |a Šinka, František  |4 aut  |9 5105 
245 1 0 |a O prevencii kriminality komplexne  |c František Šinka 
773 0 |t Policajná teória a prax : časopis Akadémie Policajného zboru pre policajnú teóriu a prax  |g Roč. 10, č. 2 (2002), s. 194-196 
850 |a Slovenská národná knižnica 
852 |a Slovenská národná knižnica 
954 |a odborná, vedecká literatúra pôvodná (slovenská)  |2 lita 
958 |a article1 
958 |a OND 
958 |a EUIPO 
999 |c 3059639  |d 3061569